| 000 | 01180cam a22003018a 4500 | ||
|---|---|---|---|
| 001 | 16899218 | ||
| 005 | 20110808113946.0 | ||
| 008 | 110729s2012 pau b 001 0 eng | ||
| 010 | _a 2011032379 | ||
| 020 | _a9781605477275 (alk. paper) | ||
| 040 |
_aDNLM/DLC _cDLC |
||
| 060 | 1 | 0 | _aWY 160 |
| 082 | 0 | 0 |
_a616.890231 _223 _bBOY |
| 100 | 1 |
_aBoyd, M. _q(Mary Ann) _928930 |
|
| 245 | 1 | 0 |
_aPsychiatric nursing : _bcontemporary practice / _cMary Ann Boyd. |
| 250 | _a5th ed. | ||
| 260 |
_aPhiladelphia : _bWolters Kluwer Health/Lippincott Williams & Wilkins, _c2012. |
||
| 300 |
_axviii, 902 p. : _c29 cm. _bill. (some col.) ; |
||
| 500 | _aRev. ed. of: Psychiatric nursing / [edited by] Mary Ann Boyd. 4th ed., c2008. | ||
| 504 | _aIncludes bibliographical references and index. | ||
| 650 | 1 | 2 |
_aMental Disorders _xnursing. _928931 |
| 650 | 2 | 2 |
_aNursing Care _xmethods. _928932 |
| 650 | 2 | 2 |
_aPsychiatric Nursing _xmethods. _928933 |
| 653 |
_bNUR _cFebruary2012 |
||
| 730 | 0 |
_aPsychiatric nursing. _928934 |
|
| 942 |
_2ddc _cNRB |
||
| 999 |
_c16468 _d16468 |
||